1784 1812 1370 1277 1598 1907 1856 1328 1358 1378 1125 1517 1492 1072 1480 1341 1916 1997 1752 1614 1480 1124 1710 1932 1281 1911 1291 1291 1047 1033 1899 1792 1527 1100 1062 1629 1233 1879 1206 1011 1120 1894 1350 1193 1548 1925 1602 1261 1504 1408 1074 1109 1790 1252 1798 1484 1185 1329 1562 1933 1750 1556 1573 1481 1178 1644 1925 1562 1740 1711 1076 1456 1572 1796 1307 1242 1585 1409 1616 1235 1780 1047 1631 1419 1422 1910 1324 1760 1150 1028 1283 1515 1070 1026 1816 1480 1140 1299 1136 BCNSPRNW ULIB Ver.6.0+V

เปลี่ยนเป็นภาษาไทย

Change to English
 แสดงรายละเอียดบรรณานุกรม
  กลับหน้าหลัก

Brief Record : Get Marc (ISO 2709) : E-mail record : QR code < ปิดหน้าต่าง
LEADER : 00000nam 2200000uu 4500
001    13399114932
003     ULIB
008    120622s2537||||th 000 0 tha d
020    ^a9745858859
060 04 ^aQT^bจ31C 2537
245 00 ^aChula s atlas of basic human anatomy /^cเรียบเรียงโดย วิไล
246 30 ^aAtlas of basic human anatomy
250    ^aพิมพ์ครั้งที่ 3
260    ^aกรุงเทพฯ :^bโรงพิมพ์จุฬาลงกรณ์มหาวิทยาลัย,^c2537
300    ^a320 หน้า :^bภาพประกอบ
500    ^aSend to Single Search
650  4 ^aกายวิภาคศาสตร์
700 0  ^aวิไล ชินธเนศ
945    ^p0^l0^i4062
945    ^p0^l0^i4061
945    ^p0^l0^i4060
945    ^p0^l0^i4064
945    ^p0^l0^i4059
995    ^aกัณชพร
999 ^a ใช้งานได้ทุกระบบ
รายการนี้ยังไม่มีแท็ก
คุณยังไม่ได้ล็อกอิน คุณสามารถมีกิจกรรมร่วมกับเว็บไซต์ได้ แต่ต้องล็อกอินก่อน ::
  ล็อกอิน

รายการสื่อสารสนเทศ

ลำดับที่ ประเภท เลขเรียก/บาร์โค้ด สถานที่ สถานะ
- ไม่พบข้อมูล -

รายการใกล้เคียง
    หัวเรื่อง [กายวิภาคศาสตร์]

BibComment


ยังไม่เคยถูกคอมเมนท์

คอมเมนท์ทรัพยากรรายการนี้
  คอมเมนท์: Chula s atlas of..


 Copyright 2026. Bcnsprnw @Library